Steuerlehre 2 Einkommensteuer. Gewerbesteuer. Vermögensteuer und Bewertungsgesetz

Enregistré dans:
Détails bibliographiques
Auteur principal: Bornhofen, Manfred
Autres auteurs: Busch, Ernst
Format: Livre
Langue:allemand
Publié: Wiesbaden Gabler 1988
Édition:9. überarb. Aufl.
Sujets:
Tags: Ajouter un tag
Pas de tags, Soyez le premier à ajouter un tag!

MARC

LEADER 00000nam a2200000 4500
001 c000156
005 20221219111320.1
020 |a 3-409-97576-4 
041 0 |a ger 
044 |a DE 
245 1 0 |a Steuerlehre 2  |b Einkommensteuer. Gewerbesteuer. Vermögensteuer und Bewertungsgesetz  |c Manfred Bornhofen, Ernst Busch 
250 |a 9. überarb. Aufl. 
264 1 |a Wiesbaden  |b Gabler  |c 1988 
300 |a 593 s. 
610 2 0 |a dane 
610 2 0 |a dane z príjmov 
610 2 0 |a úľavy daňové 
610 2 0 |a dane majetkové 
610 2 0 |a oceňovanie ekonomické 
610 2 0 |a podnikanie súkromné 
100 1 |a Bornhofen, Manfred 
700 1 |a Busch, Ernst